000 01090nam a2200277 i 4500
001 bg
100 1 _aKossowska-Cezak, Urszula.
245 1 0 _aPodstawy hydrometeorologii /
_cUrszula Kossowska-Cezak, Elżbieta Bajkiewicz-Grabowska.
260 _aWarszawa :
_bWydawnictwo Naukowe PWN,
_c2008.
300 _a252, [1] s., [12] s. tabl. :
_bil. (w tym kolor.) ;
_c24 cm.
504 _aBibliogr. s. 241-246. Indeks.
521 8 _aPodręcznik akademicki dla studentów geografii, oceanografii, gospodarki wodnej, ochrony środowiska i inżynierii środowiska, a także sluchaczy meteorologii i hydrologii akademii rolniczych i politechnik.
650 9 _aHydrometeorologia
650 9 _aMeteorologia
655 _aPodręczniki akademickie
700 1 _aBajkiewicz-Grabowska, Elżbieta
_d(1949- ).
020 _a9788301153151
040 _cBPK
041 _apol
044 _aPOL
080 _a551.5(075.8)
920 _a978-83-01-15315-1
942 _cKS
008 s pl f |000 0 pol
999 _c55919
_d55919
856 _uhttp://koha.tu.koszalin.pl/cgi-bin/koha/opac-detail.pl?biblionumber=55919
_yKatalog online BPK